Moulin Rouge - All Lyrics to Elephant Love Medley (Stage Version) - Statistics

General Stats
  • This quiz has been taken 178 times
  • The average score is 432 of 500
Answer Stats
Character Answer % Correct
I
100%
the
98%
a
96%
be
96%
is
96%
is.
96%
love.
96%
love,
96%
Both | Satine Love
96%
love
96%
Christian | Satine All
94%
all
94%
do
94%
do,
94%
Christian In
94%
in
94%
need
94%
Need
94%
no
94%
Satine No
94%
no,
94%
on
94%
on.
94%
to
94%
will
94%
you
94%
Satine You
94%
you.
94%
always
93%
can
93%
day
93%
day.
93%
for
93%
it
93%
it?
93%
It
93%
Just
93%
just
93%
me
93%
me.
93%
what
93%
and
91%
Christian And
91%
can't
91%
give
91%
got
91%
have
91%
night,
91%
night.
91%
night
91%
one
91%
so
91%
we
91%
Both | Christian We
91%
Who
91%
your
91%
but
89%
Satine Don't
89%
don't
89%
ever
89%
ever.
89%
fall
89%
forever,
89%
forever
89%
name
89%
of
89%
then
89%
Satine What's
89%
with
89%
won't
89%
Christian | Satine You're
89%
you're
89%
crazy
87%
fool,
87%
Christian It's
87%
it's
87%
my
87%
pay.
87%
tell
87%
us
87%
because
85%
cause
85%
Christian Cause
85%
gone
85%
hurts.
85%
Satine I'm
85%
take
85%
Christian Take
85%
that
85%
this
85%
together
85%
together.
85%
up
85%
way
85%
when
85%
where
85%
belong,
83%
down
83%
heart
83%
heart,
83%
heart?
83%
heart.
83%
how
83%
Satine How
83%
never
83%
now"
83%
now
83%
or
83%
song.
83%
Satine There's
83%
you'll
83%
are
81%
emotion?
81%
heroes
81%
heroes.
81%
know
81%
needs
81%
two.
81%
breaking
80%
breaks
80%
broken?
80%
easy,
80%
falling
80%
far,
80%
far
80%
game.
80%
hand
80%
help
80%
here
80%
play
80%
real,
80%
scars.
80%
second
80%
stop
80%
Both Yes
80%
by
78%
"come
78%
feel,
78%
girl
78%
life
78%
lovers
78%
see
78%
speak,
78%
world.
78%
away,
76%
away
76%
closer
76%
cold
76%
done.
76%
fly
76%
from
76%
hope
76%
lifts
76%
like
76%
mind,
76%
mind
76%
music
76%
naked
76%
please
76%
quite
76%
simple
76%
Christian They
76%
thinking,
76%
we'll
76%
wonderful
76%
words.
76%
battlefield.
74%
everlasting
74%
floor.
74%
fools,
74%
high.
74%
keep
74%
lying
74%
may
74%
out
74%
put
74%
say.
74%
side,
74%
time
74%
being
72%
Both | Christian Everything
72%
eyes
72%
fell
72%
mountain
72%
near
72%
ridiculous.
72%
something
72%
stay.
72%
ashamed
70%
everybody
70%
explaining,
70%
into
70%
makes
70%
nothing
70%
Christian Open
70%
realise
70%
songs.
70%
stand
70%
eagles
69%
happy
69%
our
69%
perfect
69%
steal
69%
act
67%
great
67%
singing
67%
suppose
67%
Christian Suppose
67%
ain't
65%
faith,
65%
looks
65%
met
65%
they'll
65%
awake
63%
such
63%
wide
63%
heights,
61%
Satine Illusion
61%
kept
61%
lives
61%
sky
59%
throw
59%
torn.
59%
everywhere
50%
changed
48%
Both while
48%
pride,
43%
denied
37%
waving
37%
Satine Though
30%
No matching quizzes found
Score Distribution
Percent of People with Each Score
Percentile by Number Answered
Your Score History
You have not taken this quiz